000 01582nam a2200277 a 4500
001 BRCA_2369
005 20190320203757.0
008 061108s1607----be-#---###---#000-0#spa-u
041 _aspa
044 _abe
084 _a010
_b.V45
_c1607
100 1 _aCervantes Saavedra, Miguel de
_d1547-1616
_9213
245 1 0 _aEl Ingenioso Hidalgo Don Quixote de la Mancha
_bdirigido al Duque de Béjar
_ccompuesto por Miguel de Cervantes Saavedra.
260 _aBruselas
_bRoger Velpius
_c1607
300 _a1 v. (en varias paginaciones)
_c16 cm.
500 _aContenido : Dedicatoria del autor al Duque de Béjar. Prólogo del autor. Versos preliminares. Privilegio de los príncipes Alberto e Isabel Clara Eugenia. Texto
500 _aLa primera edición conocida que se publico fuera de la Península Ibérica. Sigue el texto de la segunda edición de Cuesta con algunas correcciones. La calidad del papel, finura de tipos y la relativa pureza del texto, hacen a esta edición una de las mejores y más apreciadas de cuantas se imprimieron durante el siglo XVII. Es muy solicitada por los cervantistas. Ejemplar bastante bien conservado; encuadernado en pergamino Lúdovik Osterc
500 _aEstado físico : Recuperación física en 2008
650 1 4 _aNovela española
_yÉpoca clásica, 1500-1700
_9215
650 1 4 _aLiteratura española
_yÉpoca clásica, 1500-1700
_9216
650 1 4 _aNovela española
_ySiglo XVII
_9217
650 1 4 _aDon Quijote (Personaje ficticio)
_eNovela
_9218
740 0 _aEl Ingenioso Hidalgo Don Quijote de la Mancha
902 _aQFM
942 _2lcc
_cB
999 _c2110
_d2110